| 000 | 00828nam a2200265 4500 | ||
|---|---|---|---|
| 003 | OSt | ||
| 005 | 20260601193400.0 | ||
| 008 | 260506b2003 ne a|||| |||| 00| 0 eng d | ||
| 020 | _a90 6369 029 0 | ||
| 040 |
_aICI _bspa _cICI |
||
| 050 |
_aNK2115 _bB75 2003 |
||
| 110 |
_aBritish Designers, _eautor corporativo. _934856 |
||
| 245 | 1 |
_aBD 03 : _binterior, retail and event design / _cBritish Designers. |
|
| 264 |
_bBIS Publishers, _c2003. _aAmsterdam : |
||
| 300 |
_a66 páginas _c30cm. |
||
| 336 |
_atexto _2rdacontent |
||
| 337 |
_asin medio _2rdamedia |
||
| 338 |
_avolumen _2rdacarrier |
||
| 650 |
_aInterior decoration. _934857 |
||
| 650 |
_aStore decoration. _934858 |
||
| 650 |
_aExhibition design. _934859 |
||
| 650 |
_aCommercial spaces _xDesign. _934860 |
||
| 650 |
_aEnvironmental design. _934861 |
||
| 942 |
_2lcc _cB |
||
| 999 |
_c20959 _d20959 |
||